000 00809ncm a2200241 i 4500
001 C00050953c
005 20241029150040.0
008 041126 1904 orz spa d
080 _a783.3
100 1 _aSan Felipe, Francisco Antonio de.
_98366
245 1 0 _aSanta Inés
_b: oratorio en tres partes [Música manuscrita] /
_cletra de D. Juan B. Calatayud ; música de Francisco A. de San Felipe.
260 _a1904 ag.
300 _aPartitura (108 p.) ;
_c42 cm.
500 _aPartitura para coro y orquesta.
500 _aFirmada y fechada en Madrid.
500 _aEn margen superior izquierdo a lápiz azul: "M-15/A-4"
500 _aEn carpeta con otra obra.
650 1 4 _aOratorios.
_97108
700 1 _aCalatayud, Juan B.
_934109
852 4 _jM-4905
999 _c49603
_d49603